| 000 | 00551nam a22001817a 4500 | ||
|---|---|---|---|
| 003 | OSt | ||
| 005 | 20140310182352.0 | ||
| 008 | 130930t xxu||||| |||| 00| 0 eng d | ||
| 050 |
_aPZ 8.1 _b.J66 1981 |
||
| 082 |
_aGS 398 _b.Or7 1981 |
||
| 100 |
_aJohnson, Charles _922226 |
||
| 245 |
_aThe Orphan and the Nia Ngao Zhua Pa _cCharles Johnson. |
||
| 260 |
_aSt. Paul, Minnesota : _bMacalester College, Linguistic Department, _c1981. |
||
| 300 |
_a360p. : _bill.; _c22 cm. |
||
| 650 |
_aFolklore, _xHmong _922227 |
||
| 942 |
_2lcc _cBK-GS |
||
| 999 |
_c12403 _d12403 |
||